000 00993cam a2200301 i 4500
001 768714001
003 CO-MdBIC
005 20231122115831.0
007 ta
008 231122t1960 cr ||||| |||| 00| 0 spa d
020 _a9977-958-010
040 _bspa.
_aCO-MdFUSB
_cCO-MdFUSB
_dCO-MdFUSBC
_erda
041 _aspa
082 0 4 _aG 230.09 W7211t
100 1 _aWilliams, Colin W. (Wilbur) (1921-)
245 1 0 _aLa teología de Juan Wesley : Una investigación histórica / Colin W. Williams ; Roy H. May y Fanny Geymonat, Traductores
_c/
264 1 _aSan José, Costa Rica : SEBILA
_bSebila,
_c[1960]
264 4 _c©1960
300 _a161 Pag
_c;
336 _atexto
_btxt
_2rdacontent
337 _2rdamedia
_asin mediación
_bn
338 _2rdacarrier
_avolumen
_bnc
500 _aTítulo original de esta obra: John Wesley's theology today
650 1 7 _aTeología dogmática
_2embne
_96944
_yS.XVII
650 1 0 _aBiografías cristianas
_91238
942 _cBK
945 _aJohan1477
999 _c34186
_d34186